Statistics for 2019 march madness teams

Click here to take the quiz!

General Stats

  • This quiz has been taken 647 times
  • The average score is 36 of 64

Answer Stats

SeedTeam% Correct
1Duke
95%
2Michigan
91%
1Virginia
91%
2Michigan State
88%
1Gonzaga
86%
3Texas Tech
85%
1North Carolina
84%
2Kentucky
83%
4Kansas
81%
10Florida
75%
6Villanova
74%
12Oregon
73%
5Auburn
70%
3Purdue
70%
10Iowa
69%
2Tennessee
69%
9Oklahoma
68%
9Baylor
67%
4Florida State
67%
3LSU
67%
11Ohio State
66%
4Virginia Tech
66%
5Wisconsin
66%
9UCF
62%
4Kansas State
61%
11Arizona State/St Johns
60%
6Maryland
60%
8Syracuse
59%
10Minnesota
58%
7Louisville
57%
3Houston
56%
8Mississippi
55%
9Washington
55%
6Iowa State
54%
12Murray State
54%
5Marquette
53%
11Belmont/Temple
51%
5Mississippi State
50%
8VCU
50%
14Yale
50%
7Nevada
48%
11Saint Mary's
47%
10Seton Hall
47%
7Cincinnati
45%
12New Mexico State
45%
7Wofford
43%
12Liberty
42%
13UC Irvine
42%
6Buffalo
41%
13Vermont
39%
15Bradley
36%
15Montana
36%
16Gardner-Webb
33%
16Iona
33%
16NC Central/North Dakota State
33%
15Colgate
32%
13Saint Louis
32%
8Utah State
31%
14Georgia State
29%
13Northeastern
29%
14Old Dominion
27%
14Northern Kentucky
26%
15Abilene Christian
23%
16Farleigh Dickenson/Prairie View
17%

Score Distribution

Percentile by Number Answered

Percent of People with Each Score

Your Score History

You have not taken this quiz